000 00364nam a2200145 i 4500
001 bg
100 1 _aBLACKETT, Donald
245 0 _aElementary topology :
_ba combinatorial and algebraic approach /
_cD. Blackett.
260 _aNew York,
_c1967.
040 _cBPK
041 _apol
080 _a515.1
942 _cKS
008 s pl f |000 0 pol
999 _c11883
_d11883
856 _uhttp://koha.tu.koszalin.pl/cgi-bin/koha/opac-detail.pl?biblionumber=11883
_yKatalog online BPK